000
00329nam a22001337a 4500
020
_a
978-1-5265-2616-8
082
_a
336.206
100
_a
Oats, Lynne
245
_a
Principles of International Taxation
250
_a
9th
260
_a
New York:
_b
Bloomsbury Publishing,
_c
2023
300
_a
xliv, 684p.: ill.; 24cm
942
_c
BK
999
_c
22132
_d
22132